The management of innovation and technology : (Record no. 7440)
[ view plain ]
| 000 -LEADER | |
|---|---|
| fixed length control field | 00598nam a22001817a 4500 |
| 003 - CONTROL NUMBER IDENTIFIER | |
| control field | OSt |
| 005 - DATE AND TIME OF LATEST TRANSACTION | |
| control field | 20211111101118.0 |
| 008 - FIXED-LENGTH DATA ELEMENTS--GENERAL INFORMATION | |
| fixed length control field | 211111b ||||| |||| 00| 0 eng d |
| 020 ## - INTERNATIONAL STANDARD BOOK NUMBER | |
| International Standard Book Number | 076197024x |
| 040 ## - CATALOGING SOURCE | |
| Transcribing agency | DDC |
| 100 ## - MAIN ENTRY--PERSONAL NAME | |
| Personal name | Howells, John |
| 9 (RLIN) | 15249 |
| 245 ## - TITLE STATEMENT | |
| Title | The management of innovation and technology : |
| Remainder of title | the shaping of technology and institutions of the market economy |
| 260 ## - PUBLICATION, DISTRIBUTION, ETC. (IMPRINT) | |
| Place of publication, distribution, etc. | London; |
| Name of publisher, distributor, etc. | SAGE: |
| Date of publication, distribution, etc. | ©2005 |
| 300 ## - PHYSICAL DESCRIPTION | |
| Extent | 290 p. : |
| Other physical details | ill. ; |
| Dimensions | 25 cm |
| 504 ## - BIBLIOGRAPHY, ETC. NOTE | |
| Bibliography, etc | Includes bibliographical references and index. |
| 650 ## - SUBJECT ADDED ENTRY--TOPICAL TERM | |
| Topical term or geographic name as entry element | Technological innovations -- Management. |
| 9 (RLIN) | 15250 |
| 942 ## - ADDED ENTRY ELEMENTS (KOHA) | |
| Source of classification or shelving scheme | Dewey Decimal Classification |
| Koha item type | Book |
| Withdrawn status | Lost status | Source of classification or shelving scheme | Damaged status | Not for loan | Home library | Current library | Date acquired | Source of acquisition | Inventory number | Total Checkouts | Full call number | Barcode | Date last seen | Price effective from | Koha item type |
|---|---|---|---|---|---|---|---|---|---|---|---|---|---|---|---|
| Dewey Decimal Classification | Faculty of Management Science Library | MUST Main Library | 11/11/2021 | Purchase | 2014/38667 | 303.483 HOW 2005 | 2021-1645 | 11/11/2021 | 11/11/2021 | Book |
